Making globalization / (Record no. 6928)

MARC details
000 -LEADER
fixed length control field 01108nac a22002531u 4500
010 ## - LIBRARY OF CONGRESS CONTROL NUMBER
LC control number 2005048849
020 ## - INTERNATIONAL STANDARD BOOK NUMBER
International Standard Book Number 1403948674
020 ## - INTERNATIONAL STANDARD BOOK NUMBER
International Standard Book Number 1403948682 (hbk.)
082 00 - DEWEY DECIMAL CLASSIFICATION NUMBER
Classification number 303.482
Item number HOL
090 ## - LOCALLY ASSIGNED LC-TYPE CALL NUMBER (OCLC); LOCAL CALL NUMBER (OCLC)
-- 6928
-- 6928
100 ## - MAIN ENTRY--PERSONAL NAME
Personal name Holton, R. J.
245 10 - TITLE STATEMENT
Title Making globalization /
Statement of responsibility, etc Robert Holton.
260 ## - PUBLICATION, DISTRIBUTION, ETC. (IMPRINT)
Place of publication, distribution, etc Houndmills, Basingstoke,Hampshire;
-- New York :
Name of publisher, distributor, etc Palgrave Macmillan,c.2005.
Date of publication, distribution, etc c.2005.
300 ## - PHYSICAL DESCRIPTION
Extent ix, 213 p. ;
Dimensions 23 cm.
500 ## - GENERAL NOTE
General note Distributer: Al-Ahram.
504 ## - BIBLIOGRAPHY, ETC. NOTE
Bibliography, etc Includes bibliographical references (p. 194-207) and index.
511 ## - PARTICIPANT OR PERFORMER NOTE
Participant or performer note Catalogued By: Mahitab.
650 #0 - SUBJECT ADDED ENTRY--TOPICAL TERM
Topical term or geographic name as entry element Globalization.
856 42 - ELECTRONIC LOCATION AND ACCESS
Materials specified Contributor biographical information
Uniform Resource Identifier <a href="http://www.loc.gov/catdir/enhancements/fy0625/2005048849-b.html">http://www.loc.gov/catdir/enhancements/fy0625/2005048849-b.html</a>
856 42 - ELECTRONIC LOCATION AND ACCESS
Materials specified Publisher description
Uniform Resource Identifier <a href="http://www.loc.gov/catdir/enhancements/fy0625/2005048849-d.html">http://www.loc.gov/catdir/enhancements/fy0625/2005048849-d.html</a>
856 42 - ELECTRONIC LOCATION AND ACCESS
Materials specified Table of contents only
Uniform Resource Identifier <a href="http://www.loc.gov/catdir/enhancements/fy0625/2005048849-t.html">http://www.loc.gov/catdir/enhancements/fy0625/2005048849-t.html</a>
942 ## - ADDED ENTRY ELEMENTS (KOHA)
Item type Book - Borrowing
Call number prefix 303.482HOL
Holdings
Withdrawn status Item status Damaged status Not for loan Home library Current library Shelving location Date acquired Source of acquisition Total Checkouts Total Renewals Full call number Barcode Date last seen Date last borrowed Koha item type
        Central Library Central Library First floor 07/12/2010 Purchase 10 13 303.482HOL 000008532 15/07/2025 18/11/2020 Book - Borrowing